| 000 | 00598nam a2200157 a 4500 | ||
|---|---|---|---|
| 008 | 200710s2011 ||||||||||||||||| || u | ||
| 020 | _a9780857385987 | ||
| 050 | _aQB 15 Aug | ||
| 100 | _aAughton, Peter | ||
| 245 | 1 | 4 |
_aThe story of astronomy : from Babylonian stargazers to the search for the Big Bang _cBy Peter Aughton |
| 260 |
_aLondon _bQuercus _c2011 |
||
| 300 | _a394 pages | ||
| 650 | _aATRONOMERS | ||
| 650 | _aASTRONOMY | ||
| 995 |
_D26.26 _FCBU-MAIN LIBRARY (Kitwe) _M1 _UAVAILABLE _WJul 16, 2020 _ZMain Library Open Access Collection |
||
| 999 |
_c58463 _d58463 |
||